Library Catalog

Free Therapy / (Record no. 492667)

MARC details
000 -LEADER
fixed length control field 01034nam a22002057a 4500
003 - CONTROL NUMBER IDENTIFIER
control field OSt
005 - DATE AND TIME OF LATEST TRANSACTION
control field 20260511130543.0
008 - FIXED-LENGTH DATA ELEMENTS--GENERAL INFORMATION
fixed length control field 260511b |||||||| |||| 00| 0 eng d
020 ## - INTERNATIONAL STANDARD BOOK NUMBER
International Standard Book Number 9781787334687
040 ## - CATALOGING SOURCE
Original cataloging agency Kenya National Library Service
082 ## - DEWEY DECIMAL CLASSIFICATION NUMBER
Classification number 823.92 IVO
100 ## - MAIN ENTRY--PERSONAL NAME
Personal name Ivory, Rebecca
Relator term author.
245 ## - TITLE STATEMENT
Title Free Therapy /
Statement of responsibility, etc. Rebecca Ivory
300 ## - PHYSICAL DESCRIPTION
Extent 198 pages ;
Dimensions 23 cm.
520 ## - SUMMARY, ETC.
Summary, etc. Free Therapy heralds the arrival of a dazzling new voice in the vanguard of contemporary writing. Two teenage girls enter a destructive competition with one another, fixated on each other's bodies; a woman's encounter with her ex forces her to reflect on the women's group that saved her from the relationship; a couple's future is questioned after the damp expert they hired for their bathroom offers them free counselling, an older man's buried grief emerges during an altercation with a mother
650 ## - SUBJECT ADDED ENTRY--TOPICAL TERM
Topical term or geographic name entry element Romance -Fiction.
942 ## - ADDED ENTRY ELEMENTS (KOHA)
Source of classification or shelving scheme Dewey Decimal Classification
Koha item type Books
Suppress in OPAC No
Holdings
Withdrawn status Source of classification or shelving scheme Damaged status Not for loan Home library Current library Date acquired Cost, normal purchase price Total checkouts Full call number Barcode Date last seen Price effective from Koha item type
  Dewey Decimal Classification     Information Access Acquisition, Cataloguing, Classification and Distribution Development 05/11/2026 2124.00   823.92 IVO B232606 05/11/2026 05/11/2026 Books

© 2025, Kenya National Library Service | Designed & Maintained by Uvumbuzi Center